ARRUPE JESUIT UNIVERSITY

CORONAVIRUS -STOP THE SPREAD - CLEAN,DISINFECT,COVER

Reformation : (Record no. 118341)

MARC details
000 -LEADER
fixed length control field 01132cam a2200361 a 4500
001 - CONTROL NUMBER
control field 6318749
003 - CONTROL NUMBER IDENTIFIER
control field ARRUPE
005 - DATE AND TIME OF LATEST TRANSACTION
control field 20150310020007.0
008 - FIXED-LENGTH DATA ELEMENTS--GENERAL INFORMATION
fixed length control field 070109r20042003enkacf f b 001 0 eng
015 ## - NATIONAL BIBLIOGRAPHY NUMBER
National bibliography number GBA444797
Source bnb
016 7# - NATIONAL BIBLIOGRAPHIC AGENCY CONTROL NUMBER
Record control number 012936700
Source Uk
020 ## - INTERNATIONAL STANDARD BOOK NUMBER
International Standard Book Number 0140285342 (pbk.)
020 ## - INTERNATIONAL STANDARD BOOK NUMBER
International Standard Book Number 9780140285345 (pbk.)
035 ## - SYSTEM CONTROL NUMBER
System control number (OCoLC)ocm56652717
035 ## - SYSTEM CONTROL NUMBER
System control number (OCoLC)56652717
035 ## - SYSTEM CONTROL NUMBER
System control number (NNC)6318749
040 ## - CATALOGING SOURCE
Original cataloging agency UKM
Transcribing agency UKM
Modifying agency MUQ
042 ## - AUTHENTICATION CODE
Authentication code ukblsr
043 ## - GEOGRAPHIC AREA CODE
Geographic area code e------
050 #4 - LIBRARY OF CONGRESS CALL NUMBER
Classification number BR305.3
Item number .M323 2004
300 ## - PHYSICAL DESCRIPTION
Other physical details ill. , ports. ;
Dimensions 20 cm.
100 1# - MAIN ENTRY--PERSONAL NAME
Personal name MacCulloch, Diarmaid.
9 (RLIN) 2498
245 10 - TITLE STATEMENT
Title Reformation :
Remainder of title Europe's house divided, 1490-1700 /
Statement of responsibility, etc Diarmaid MacCulloch.
260 ## - PUBLICATION, DISTRIBUTION, ETC. (IMPRINT)
Place of publication, distribution, etc London :
Name of publisher, distributor, etc Penguin,
Date of publication, distribution, etc 2004.
300 ## - PHYSICAL DESCRIPTION
Extent xxvii, 831 p. , [24] p. of plates :
500 ## - GENERAL NOTE
General note Originally published: London: Allen Lane, 2003.
504 ## - BIBLIOGRAPHY, ETC. NOTE
Bibliography, etc Includes bibliographical references and index.
650 #0 - SUBJECT ADDED ENTRY--TOPICAL TERM
Topical term or geographic name as entry element Reformation
Geographic subdivision Europe.
9 (RLIN) 2499
650 #6 - SUBJECT ADDED ENTRY--TOPICAL TERM
Topical term or geographic name as entry element Réforme (Christianisme)
Geographic subdivision Europe.
9 (RLIN) 2500
942 ## - ADDED ENTRY ELEMENTS (KOHA)
Source of classification or shelving scheme Library of Congress Classification
Koha item type Monograph ( Printed materials)
Koha issues (borrowed), all copies 2
948 1# - LOCAL PROCESSING INFORMATION (OCLC); SERIES PART DESIGNATOR (RLIN)
Series part designator, SPT (RLIN) 20071210
b (OCLC) c
c (OCLC) vt2130
d (OCLC) MPS
948 2# - LOCAL PROCESSING INFORMATION (OCLC); SERIES PART DESIGNATOR (RLIN)
Series part designator, SPT (RLIN) 20071214
b (OCLC) n
c (OCLC) mw18
d (OCLC) MPS
Holdings
Withdrawn status Lost status Source of classification or shelving scheme Damaged status Not for loan Home library Current library Shelving location Date acquired Total Checkouts Full call number Barcode Date last seen Date checked out Price effective from Koha item type
    Library of Congress Classification     ARRUPE LIBRARY ARRUPE LIBRARY Main Collection 11/10/2013 2 BR305.3 .M323 2004 46410579 15/11/2016 09/03/2015 11/10/2013 Monograph ( Printed materials)

 

Arrupe Library. PO Box MP320 Mt Pleasant, Harare, Zimbabwe
263 242 745411|librarian@aju.ac.zw